[Event "Regency Masters 3rd"]
[Site "Ramsgate"]
[Date "1981.12.08"]
[Round "4.10"]
[White "Pytel, Krzysztof"]
[Black "Kenworthy, Gary"]
[Result "0-1"]
[WhiteElo "2400"]
[BlackElo "2245"]
[PlyCount "68"]
[EventDate "1981.12.05"]
[EventType "swiss"]
[EventRounds "9"]
[EventCountry "ENG"]
[SourceVersionDate "2021.08.26"]

1. d4 e6 2. c4 b6 3. Nc3 Bb4 4. Bd2 Nf6 5. f3 c5 6. d5 exd5 7. cxd5 O-O (7...
Bb7 8. e4 Qe7 9. Bc4 a6 10. a3 Ba5 11. a4 O-O {Aleksandrov,A (2607)-Savchenko,
B (2556), Khanty-Mansiysk 2012 (1-0, 34)}) 8. e4 Re8 9. Nge2 Bb7 (9... Ba6 10.
Ng3 Bxf1 11. Kxf1 g6 12. a3 Bxc3 13. Bxc3 d6 14. Qd2 Nbd7 {Braun,A (2581)
-Abasov,N (2632), Biograd 2018 (1-0, 24)}) 10. g3 (10. a3 $16) 10... d6 11. Bg2
Nbd7 12. O-O Ba6 13. Re1 Ne5 14. Qa4 (14. a3 $14) 14... Qc8 15. a3 b5 16. Qc2
Bxc3 (16... Ba5) 17. Bxc3 Rb8 18. b4 $16 Nfd7 19. Rac1 Nc4 20. Ba1 Nde5 21. Qc3
f6 22. Nf4 Qc7 23. h3 $2 (23. Ne6 Qb6 24. Kh1 $16) 23... Bc8 24. Kh2 a5 $1 25.
Rb1 axb4 26. axb4 Ra8 $15 27. Rb3 Bd7 28. bxc5 (28. Ne6 $5 $13) 28... Qxc5 29.
Qc2 Ra4 30. Ne2 Qf2 31. Qc1 $4 (31. Rf1 Qa7 $17) 31... Rxa1 $1 $19 32. Qxa1 Nd2
33. Nf4 Nexf3+ 34. Kh1 Nxb3 0-1

[Event "Regency Masters 3rd"]
[Site "Ramsgate"]
[Date "1981.12.08"]
[Round "4.11"]
[White "King, Daniel J"]
[Black "Casa, Alex"]
[Result "1-0"]
[WhiteElo "2320"]
[BlackElo "2235"]
[PlyCount "106"]
[EventDate "1981.12.05"]
[EventType "swiss"]
[EventRounds "9"]
[EventCountry "ENG"]
[SourceTitle "BritBase"]
[Source "John Saunders"]
[SourceDate "2020.09.07"]
[SourceVersion "1"]
[SourceVersionDate "2020.09.07"]
[SourceQuality "2"]

1. e4 e5 2. Nf3 Nc6 3. Bb5 Bc5 4. O-O Nf6 5. c3 O-O 6. d4 Bb6 7. Re1 exd4 8.
cxd4 d5 9. e5 Ne4 10. Nc3 Bf5 11. Be3 Nb4 12. Rc1 c6 13. Be2 Nxc3 14. bxc3 $6
Nxa2 15. Rc2 Bxc2 16. Qxc2 Nxc3 17. Qxc3 Ba5 18. Qc2 Bxe1 19. Nxe1 a5 20. Bc1
b5 21. Nd3 Qb6 (21... Qe7 $17) 22. Nc5 Ra7 23. Bd3 h6 $6 24. Qe2 a4 25. Bb1 Re7
$6 26. Qd3 f5 27. e6 Qd8 28. g4 Qe8 29. gxf5 Qh5 30. Bc2 Qg4+ 31. Kh1 g6 $1 32.
Bxh6 Rxf5 (32... Rf6 $5) 33. Qe3 Rf3 34. Qe2 Rf4 $6 (34... Qh3 $1 $19) 35. Qxg4
Rxg4 36. Be3 a3 37. Bb3 Ra7 38. Ba2 Rh4 $2 (38... Kg7 $19) 39. Kg2 Rhh7 $2 (
39... Rah7 $19) 40. Bd2 Rh4 41. Be3 Rah7 $19 42. Nd7 Rxh2+ 43. Kg3 Rh1 (43...
R7h3+ 44. Kf4 Kg7 45. e7 Kf7 46. Ne5+ Ke8 $1 $19) 44. Kf4 R7h4+ $2 45. Ke5 Re4+
$2 46. Kd6 Rxe6+ 47. Kxe6 Ra1 48. Bb3 Rb1 49. Nc5 $18 Rb2 50. Kd6 a2 51. Bxa2
Rxa2 52. Kxc6 Rb2 53. Kxd5 Rb4 1-0

[Event "Regency Masters 3rd"]
[Site "Ramsgate"]
[Date "1981.12.08"]
[Round "4.12"]
[White "Hodgson, Julian M"]
[Black "Friedgood, David"]
[Result "1/2-1/2"]
[WhiteElo "2370"]
[BlackElo "2315"]
[PlyCount "38"]
[EventDate "1981.12.05"]
[EventType "swiss"]
[EventRounds "9"]
[EventCountry "ENG"]
[SourceVersionDate "2021.08.26"]

1. e4 c5 2. f4 e6 3. Nf3 a6 4. Be2 Nc6 5. O-O Nge7 6. Nc3 d5 7. d3 b5 8. Qe1 d4
9. Nd1 Qc7 10. Nf2 f6 11. c3 Ng6 12. Nh3 Be7 13. cxd4 cxd4 14. Bd2 O-O 15. Rc1
Qd6 16. g4 Bd7 17. Qg3 Rac8 18. a3 b4 19. Ra1 Qb8 1/2-1/2

[Event "Regency Masters 3rd"]
[Site "Ramsgate"]
[Date "1981.12.08"]
[Round "4.13"]
[White "Miles, Anthony John"]
[Black "Schiller, Eric Andrew"]
[Result "1-0"]
[WhiteElo "2565"]
[BlackElo "2235"]
[PlyCount "49"]
[EventDate "1981.12.05"]
[EventType "swiss"]
[EventRounds "9"]
[EventCountry "ENG"]
[SourceTitle "BritBase"]
[Source "John Saunders"]
[SourceDate "2020.09.07"]
[SourceVersion "1"]
[SourceVersionDate "2020.09.07"]
[SourceQuality "2"]

1. c4 e6 2. Nc3 d5 3. d4 c5 4. cxd5 exd5 5. Nf3 Nf6 6. Bg5 Be6 7. e4 Be7 8.
Bb5+ Nc6 9. Bxf6 Bxf6 10. exd5 Bxd5 11. Qe2+ Kf8 12. dxc5 Bxf3 13. Qxf3 Qe7+ (
13... Nd4 $142 14. Qd3 Qe7+ 15. Kf1 Qxc5 16. b4 Qxb4 17. Rb1 Qa5 18. Bc4 Rd8 {
Pavlov,A (2341)-Orlov,S (2519), corr 1997 (0-1, 28)}) 14. Qe3 Nd4 $2 (14...
Qxe3+ 15. fxe3 $14) 15. O-O Qxe3 16. fxe3 Nxb5 (16... Nc2 17. Rac1 Nxe3 18. Rf3
Ng4 19. Rd1 $44) 17. Nxb5 Bxb2 $2 (17... Ke7 $5 18. Rad1 $16) 18. Rab1 Be5 19.
Nd6 $18 Bxd6 20. cxd6 b6 21. Rbc1 {('Rc1' in the bulletin)} f6 22. Rc7 h5 23.
e4 Re8 24. e5 Rh6 25. e6 {Source: BCM, Apr 1982, p150} 1-0

[Event "Regency Masters 3rd"]
[Site "Ramsgate"]
[Date "1981.12.08"]
[Round "4.14"]
[White "Lee, Graham D"]
[Black "Hanreck, Alan E"]
[Result "1/2-1/2"]
[WhiteElo "2360"]
[BlackElo "2275"]
[PlyCount "61"]
[EventDate "1981.12.05"]
[EventType "swiss"]
[EventRounds "9"]
[EventCountry "ENG"]
[SourceVersionDate "2021.08.26"]

1. e4 c5 2. Nf3 d6 3. Bb5+ Bd7 4. Bxd7+ Qxd7 5. O-O Nf6 6. Qe2 e6 7. b3 Nc6 8.
Bb2 Be7 9. c4 O-O 10. d4 cxd4 11. Nxd4 a6 12. Rd1 b6 13. Nc3 Qb7 14. Ba3 Rac8
15. Nxc6 Rxc6 16. Rd3 Rfc8 17. Bb4 Nd7 18. Rad1 Nc5 19. R3d2 Bf8 20. Qf3 Qe7
21. Qe3 Qf6 22. Ne2 Qh4 23. Rd4 Qf6 24. Ng3 Qg6 25. R4d2 h6 26. f4 Qg4 27. Rf1
Nd7 28. Qf2 b5 29. cxb5 axb5 30. a3 Nc5 31. Qf3 1/2-1/2

[Event "Regency Masters 3rd"]
[Site "Ramsgate"]
[Date "1981.12.08"]
[Round "4.15"]
[White "Manouck, Thierry"]
[Black "Plaskett, H James"]
[Result "0-1"]
[WhiteElo "2400"]
[BlackElo "2410"]
[PlyCount "58"]
[EventDate "1981.12.05"]
[EventType "swiss"]
[EventRounds "9"]
[EventCountry "ENG"]
[SourceVersionDate "2021.08.26"]

1. c4 b6 2. e4 Bb7 3. Nc3 e6 4. Nf3 Nf6 5. Qe2 Bb4 6. e5 Ng8 7. h4 $5 (7. d4
Ne7 8. Qd3 d5 9. exd6 cxd6 10. a3 Bxc3+ 11. Qxc3 Nd7 12. Be2 {Uhlmann,W (2555)
-Karpov,A (2695), Skopje 1976 (0-1, 51)}) (7. g3 Nc6 8. Bg2 Nd4 9. Qd3 Bxf3 10.
Bxf3 Nxf3+ 11. Qxf3 Ne7 12. O-O Nc6 13. Qe4 O-O 14. Ne2 f5 15. exf6 Qxf6 16. d4
{Korchnoi,V (2600)-Portisch,L (2620), Candidates Q-Final 1983 (1-0, 55)}) 7...
Ne7 8. Ne4 $6 d5 9. exd6 cxd6 10. a3 d5 11. Neg5 Bd6 12. Nxf7 $6 Kxf7 13. Ng5+
Ke8 14. Qxe6 $6 (14. Nxe6 Qc8 15. Rh3 $5 $17) 14... Rf8 15. Nxh7 Rf5 16. d4
Nbc6 17. Qe3 dxc4 18. Qc3 Nxd4 19. Be3 Be5 20. Qxc4 Rc8 21. Qa4+ Bc6 22. Qd1
Qd7 23. Bd3 Bxg2 24. Bxf5 Qxf5 25. Bxd4 Qe4+ 26. Be3 Rc2 27. Qh5+ g6 28. Qg5
Qd3 29. Qg4 Bxb2 0-1

[Event "Regency Masters 3rd"]
[Site "Ramsgate"]
[Date "1981.12.08"]
[Round "4.16"]
[White "Cummings, David H"]
[Black "Regan, Kenneth"]
[Result "1/2-1/2"]
[WhiteElo "2310"]
[BlackElo "2405"]
[PlyCount "55"]
[EventDate "1981.12.05"]
[EventType "swiss"]
[EventRounds "9"]
[EventCountry "ENG"]
[SourceVersionDate "2021.08.26"]

1. c4 e6 2. Nf3 b6 3. g3 Nf6 4. Bg2 Bb7 5. O-O Be7 6. b3 O-O 7. Bb2 d5 8. e3
Nbd7 9. Nc3 a5 10. cxd5 Nxd5 11. Nxd5 exd5 12. Qc2 a4 13. Rac1 c5 14. d4 Rc8
15. Qe2 Rc7 16. Rfd1 Qa8 17. dxc5 bxc5 18. Ne5 d4 19. Bxb7 Qxb7 20. exd4 Nxe5
21. Qxe5 Bf6 22. Qf4 Rfc8 23. Ba1 axb3 24. axb3 h6 25. dxc5 Bxa1 26. Rxa1 Rxc5
27. b4 Rc4 28. Rd4 1/2-1/2

[Event "Regency Masters 3rd"]
[Site "Ramsgate"]
[Date "1981.12.08"]
[Round "4.17"]
[White "Hebden, Mark L"]
[Black "Britton, Richard L"]
[Result "1-0"]
[WhiteElo "2315"]
[BlackElo "2295"]
[PlyCount "47"]
[EventDate "1981.12.05"]
[EventType "swiss"]
[EventRounds "9"]
[EventCountry "ENG"]
[SourceTitle "BritBase"]
[Source "John Saunders"]
[SourceDate "2020.09.07"]
[SourceVersion "1"]
[SourceVersionDate "2020.09.07"]
[SourceQuality "2"]

1. e4 c5 2. Nc3 g6 3. f4 Bg7 4. Nf3 Nc6 5. a4 d6 6. Bb5 Bd7 7. O-O Nf6 8. Qe1
O-O 9. Bxc6 Bxc6 10. d3 b6 (10... e6 11. Qh4 d5) 11. Qh4 a6 12. f5 $16 b5 13.
Bh6 Nh5 14. Bxg7 Kxg7 15. axb5 (15. Ng5 $5 h6 16. fxg6 hxg5 17. Qxh5 fxg6 18.
Qxg5 $16) 15... axb5 16. Rxa8 Bxa8 17. Nxb5 Qb6 $2 (17... Nf6 18. Na3 $16) 18.
Qxe7 $1 $18 Qxb5 19. Ng5 Qe8 20. Ne6+ Kg8 21. Qxf8+ Qxf8 22. Nxf8 Kxf8 23. g4
Ng7 24. Ra1 {Source: BCM, Apr 1982, p150} (24. Ra1 Bc6 25. Ra6 Be8 26. Rxd6 $18
) 1-0

[Event "Regency Masters 3rd"]
[Site "Ramsgate"]
[Date "1981.12.08"]
[Round "4.18"]
[White "Westerinen, Heikki MJ"]
[Black "Patrick, David I"]
[Result "1-0"]
[WhiteElo "2425"]
[BlackElo "2275"]
[PlyCount "75"]
[EventDate "1981.12.05"]
[EventType "swiss"]
[EventRounds "9"]
[EventCountry "ENG"]
[SourceTitle "BritBase"]
[Source "John Saunders"]
[SourceDate "2020.09.07"]
[SourceVersion "1"]
[SourceVersionDate "2020.09.07"]
[SourceQuality "2"]

1. e4 e5 2. Nf3 Nc6 3. Bb5 a6 4. Ba4 Nf6 5. O-O Be7 6. Re1 b5 7. Bb3 d6 8. c3
O-O 9. h3 Na5 10. Bc2 c5 11. d4 Nd7 12. b3 cxd4 13. cxd4 Nc6 14. Bb2 Nb4 15.
Nc3 Nxc2 16. Qxc2 Bb7 17. Rad1 Qc7 18. Qe2 Rfe8 19. dxe5 dxe5 20. Nd5 Bxd5 21.
exd5 (21. Rxd5 $5 f6 22. Nh4) 21... Bb4 22. Rf1 e4 $2 (22... Rad8 $11) 23. Nd4
Qf4 24. Bc1 Qf6 25. Qg4 Nb6 26. Nf5 Re5 (26... h5 $5 27. Qf4 g6 28. Nh6+ Kg7
29. Qxf6+ Kxf6 30. Bb2+ Ke7 31. d6+ Bxd6 32. Nxf7 Kxf7 33. Rxd6 Re6 $16) 27.
Ne3 (27. Nh6+ $5 Kf8 28. Bb2 gxh6 29. f4 $16) 27... h5 28. Qe2 Bc3 29. f4 exf3
30. Rxf3 Qd6 $6 (30... Qg6 $11) 31. Qf2 Rc8 $2 32. Nf5 $1 $18 Qd8 33. Qg3 $1
Rxd5 34. Rxd5 Nxd5 35. Rxc3 g6 36. Qe5 Qb6+ 37. Kh1 gxf5 38. Rxc8+ 1-0

[Event "Regency Masters 3rd"]
[Site "Ramsgate"]
[Date "1981.12.08"]
[Round "4.19"]
[White "Kuligowski, Adam"]
[Black "Flear, Glenn C"]
[Result "1-0"]
[WhiteElo "2405"]
[BlackElo "2385"]
[PlyCount "65"]
[EventDate "1981.12.05"]
[EventType "swiss"]
[EventRounds "9"]
[EventCountry "ENG"]
[SourceVersionDate "2021.08.26"]

1. c4 e6 2. Nc3 d5 3. d4 c5 4. cxd5 cxd4 5. Qa4+ Bd7 6. Qxd4 exd5 7. Qxd5 Nc6
8. e3 Nf6 9. Qd1 Bc5 10. Nf3 Qe7 11. Be2 O-O 12. O-O Rad8 13. Qc2 Rfe8 14. a3
Bg4 15. b4 Bd6 16. g3 Rc8 17. Bb2 Ne5 18. Nxe5 Bxe5 19. Bxg4 Nxg4 20. Rac1 Qf6
21. h3 Nh6 22. Nd5 Qc6 23. Qe4 Bxb2 24. Rxc6 bxc6 25. Ne7+ Kf8 26. Qc2 Rxe7 27.
Qxb2 Ng8 28. Rc1 Rec7 29. Rc5 Nf6 30. Qc2 Nd7 31. Rh5 Nf6 32. Ra5 Kg8 33. Qa4
1-0

[Event "Regency Masters 3rd"]
[Site "Ramsgate"]
[Date "1981.12.08"]
[Round "4.20"]
[White "Troeger, Paul"]
[Black "Povah, Nigel Edward"]
[Result "0-1"]
[WhiteElo "2325"]
[BlackElo "2375"]
[PlyCount "158"]
[EventDate "1981.12.05"]
[EventType "swiss"]
[EventRounds "9"]
[EventCountry "ENG"]
[SourceVersionDate "2021.08.26"]

1. d4 Nf6 2. Nf3 c5 3. c3 b6 4. Nbd2 Bb7 5. e3 e6 6. Bd3 Be7 7. O-O O-O 8. Qe2
d6 9. e4 cxd4 10. Nxd4 (10. cxd4) 10... Nbd7 11. Ba6 Qc8 12. Bxb7 Qxb7 13. f3
Rac8 14. Rd1 Rfe8 15. Nf1 a6 16. Bd2 Bf8 17. Be1 e5 18. Nb3 d5 $17 19. Ng3 dxe4
20. fxe4 g6 21. Bd2 h5 22. Bg5 Nh7 23. Be3 Ndf6 24. Nd2 h4 25. Ngf1 Nxe4 26.
Nxe4 Qxe4 27. Qxa6 h3 28. Qe2 hxg2 (28... f5 $17) 29. Qxg2 Qxg2+ 30. Kxg2 f5
31. a4 Rc6 32. Rd5 f4 33. Bg1 e4 34. Bd4 e3 35. Re1 Be7 36. h3 Bh4 37. Re2 Ng5
38. Nh2 Ne4 39. Nf3 Ng3 40. Re1 Nf5 41. Re2 Bd8 42. Re1 Rce6 43. Re2 Re4 44. b3
Ng3 45. Re1 e2 46. Bf2 Nf5 47. Rd2 Bf6 48. Rc2 (48. Rd3 $15) 48... Re3 49. Rec1
Kf7 50. b4 R3e6 (50... Rd3 $19) 51. Re1 g5 52. a5 bxa5 53. bxa5 Kg6 54. c4 (54.
a6 $5 $15) 54... Re3 55. Ra2 Bc3 56. Bxe3 Nxe3+ 57. Kf2 Bxe1+ 58. Nxe1 Nd1+ 59.
Kg2 Re3 60. a6 f3+ 61. Nxf3 Rxf3 62. Rxe2 Ra3 63. c5 $2 (63. Re8 $1 Rxa6 64.
Rg8+ Kh5 65. Rh8+ Kg6 66. Rg8+ Kf5 67. Rf8+ Kg6 68. Rg8+ Kf6 69. h4 $1 $11)
63... Rxa6 64. Rd2 $2 (64. Re8 $5) 64... Ne3+ 65. Kf3 Nf5 66. Ke4 Ra3 67. Rb2 (
67. Rd3 $1 Rxd3 $140 $2 68. Kxd3 {tablebase draw}) 67... Re3+ 68. Kd5 Rxh3 $19
69. Rb6+ Kf7 70. Ke5 Ne7 71. Rf6+ Kg7 72. Rf1 Re3+ 73. Kd6 Kg6 74. Kd7 g4 75.
Rf8 g3 76. Re8 g2 77. Rxe7 Rxe7+ 78. Kxe7 g1=Q 79. c6 Qc5+ 0-1

[Event "Regency Masters 3rd"]
[Site "Ramsgate"]
[Date "1981.12.08"]
[Round "4.21"]
[White "Nokes, Roger I"]
[Black "Pliester, Leon"]
[Result "0-1"]
[WhiteElo "2315"]
[BlackElo "2330"]
[PlyCount "80"]
[EventDate "1981.12.05"]
[EventType "swiss"]
[EventRounds "9"]
[EventCountry "ENG"]
[SourceTitle "BritBase"]
[Source "John Saunders"]
[SourceDate "2020.09.07"]
[SourceVersion "1"]
[SourceVersionDate "2020.09.07"]
[SourceQuality "2"]

1. e4 e5 2. Bc4 Nc6 3. Nc3 Nf6 4. d3 Bc5 5. f4 d6 6. Nf3 Bg4 7. Na4 Qe7 8. Nxc5
dxc5 9. Bb5 Nd7 10. Bxc6 bxc6 11. b3 O-O 12. f5 Rfd8 13. O-O Rab8 14. h3 Bxf3
15. Qxf3 Qd6 16. Be3 c4 17. dxc4 Qa3 18. Bd2 a5 19. Bc3 a4 20. Kh1 axb3 21.
cxb3 f6 22. Qe2 Nc5 23. Rfd1 h6 24. Be1 Ra8 25. Bf2 Nb7 26. Rd2 Qa5 27. Rad1
Rxd2 28. Rxd2 Qc3 29. Kh2 Nd6 30. Rc2 Qa1 31. Bc5 Rd8 32. Bb4 Nf7 33. Bc3 Qb1
34. h4 Rd1 35. Kg3 Nd6 36. Bb4 c5 37. Bxc5 Re1 38. Qd3 Nxe4+ 39. Kf3 Nxc5 40.
Qd5+ Kh7 0-1

[Event "Regency Masters 3rd"]
[Site "Ramsgate"]
[Date "1981.12.08"]
[Round "4.22"]
[White "Tagnon, Nicole"]
[Black "De Boer, Gert Jan"]
[Result "0-1"]
[WhiteElo "2040"]
[BlackElo "2270"]
[PlyCount "50"]
[EventDate "1981.12.05"]
[EventType "swiss"]
[EventRounds "9"]
[EventCountry "ENG"]
[SourceVersionDate "2021.08.26"]

1. e4 c5 2. d4 cxd4 3. c3 dxc3 4. Nxc3 Nc6 5. Nf3 e6 6. Bc4 a6 7. O-O d6 8. Qe2
Nge7 9. Bf4 b5 10. Bb3 Ra7 11. Rfd1 Rd7 12. a3 Ng6 13. Bg3 Be7 14. Rac1 Bb7 15.
Rc2 Nge5 16. Nxe5 dxe5 17. Rxd7 Qxd7 18. Rd2 Qc8 19. Qg4 O-O 20. Ne2 Rd8 21.
Rxd8+ Qxd8 22. Nc3 Qd2 23. Qd1 Qxb2 24. Ne2 Nd4 25. Nxd4 exd4 0-1

[Event "Regency Masters 3rd"]
[Site "Ramsgate"]
[Date "1981.12.08"]
[Round "4.25"]
[White "Da Cunha, Marcos Paolozzi"]
[Black "Iskov, Gert"]
[Result "1/2-1/2"]
[WhiteElo "2325"]
[BlackElo "2420"]
[PlyCount "59"]
[EventDate "1981.12.05"]
[EventType "swiss"]
[EventRounds "9"]
[EventCountry "ENG"]
[SourceVersionDate "2021.08.26"]

1. e4 d5 2. exd5 Qxd5 3. Nc3 Qa5 4. d4 Nf6 5. Nf3 Nc6 6. Bb5 Nd5 7. Rb1 Bg4 8.
Bd2 (8. O-O $16) 8... Nxc3 9. bxc3 Qxa2 10. Rb3 (10. O-O $142 $44) 10... e6 11.
O-O a6 12. Be2 Na5 13. Rb1 Bd6 14. c4 Bxf3 15. Bxf3 Nxc4 16. Bxb7 Rb8 17. Qg4
$44 O-O 18. Bh6 g6 19. Bxf8 Bxf8 20. Qe2 Na3 21. Qxa6 $16 Bd6 22. Qa7 Rd8 23.
Rb3 c6 24. Qb6 (24. Rf3 Rf8 25. Bxc6 $18) 24... Rf8 25. Qa5 $2 (25. Rc3 $18)
25... Qxc2 26. Rc3 $2 (26. Qc3 Qxc3 27. Rxc3 $18) 26... Qb2 $11 27. Rxa3 Bxa3
28. Bxc6 Bb4 29. Qb6 Qd2 30. d5 1/2-1/2

[Event "Regency Masters 3rd"]
[Site "Ramsgate"]
[Date "1981.12.09"]
[Round "5.2"]
[White "Hartoch, Robert G"]
[Black "Berg, Klaus"]
[Result "1/2-1/2"]
[WhiteElo "2390"]
[BlackElo "2295"]
[PlyCount "95"]
[EventDate "1981.12.05"]
[EventType "swiss"]
[EventRounds "9"]
[EventCountry "ENG"]
[SourceVersionDate "2021.08.26"]

1. Nf3 d5 2. g3 Nf6 3. Bg2 e6 4. O-O Be7 5. c4 O-O 6. b3 c5 7. Bb2 Nc6 8. e3 b6
9. Qe2 Bb7 10. Rd1 Qc7 11. Nc3 Rad8 12. cxd5 Nxd5 13. Nxd5 Rxd5 14. d4 Rd7 15.
dxc5 Bxc5 16. Rxd7 Qxd7 17. Rd1 Qe7 18. Ne5 Nxe5 19. Bxe5 Bxg2 20. Kxg2 f6 21.
Bb2 Rd8 22. Rxd8+ Qxd8 23. Qc4 Kf7 24. Bc3 a5 25. Qe4 Qd5 26. Qxd5 exd5 27. g4
Ke6 28. Kf3 Bd6 29. h3 Be5 30. Bd2 g6 31. Ke2 f5 32. f3 fxg4 33. fxg4 h5 34.
Kd3 hxg4 35. hxg4 Bc7 36. a4 Bd6 37. Bc3 Bc5 38. Ke2 Bd6 39. Bd4 Bc5 40. Bc3
Bd6 41. Be1 Bc5 42. Kf3 Bd6 43. Bf2 Be5 44. e4 Bc7 45. Bd4 Bd8 46. Ke3 Bg5+ 47.
Kd3 Bd8 48. Bf2 1/2-1/2

[Event "Regency Masters 3rd"]
[Site "Ramsgate"]
[Date "1981.12.09"]
[Round "5.3"]
[White "Taulbut, Shaun M"]
[Black "Kovacevic, Vlatko"]
[Result "1/2-1/2"]
[WhiteElo "2420"]
[BlackElo "2485"]
[PlyCount "92"]
[EventDate "1981.12.05"]
[EventType "swiss"]
[EventRounds "9"]
[EventCountry "ENG"]
[SourceVersionDate "2021.08.26"]

1. e4 Nf6 2. Nc3 d5 3. e5 Nfd7 4. d4 e6 5. f4 c5 6. Nf3 Nc6 7. Be3 a6 8. dxc5
Bxc5 9. Bxc5 Nxc5 10. Bd3 Qb6 11. Qd2 Qxb2 12. O-O $5 (12. Rb1) 12... Qb4 13.
Rab1 Qa5 14. Rfd1 Bd7 15. f5 Rc8 (15... O-O-O $5) 16. fxe6 Bxe6 17. h3 O-O 18.
Qe1 h6 19. Ne2 Qxe1+ 20. Rxe1 b5 $17 21. Ned4 Nxd3 22. cxd3 Nxd4 23. Nxd4 Rc3
24. Rb3 Rfc8 25. Kf2 Bd7 26. Ke3 a5 27. a3 Rxb3 28. Nxb3 Rc3 $6 (28... Rc2 $1)
29. Nxa5 Rxa3 30. Nb7 Ra2 31. Nc5 Bc6 32. Kd4 Kf8 (32... Rxg2 33. Ra1 $44) 33.
e6 fxe6 34. Nxe6+ Kg8 35. Nd8 Bd7 36. Re7 Bf5 37. g4 Ra4+ 38. Ke5 $1 (38. Kxd5
$6 Bxd3 $15) 38... Bxd3 39. Ne6 $11 Re4+ 40. Kd6 d4 41. Rxg7+ Kh8 42. Re7 Re3
43. h4 Bc4 44. Re8+ Kh7 45. Re7+ Kg8 46. Re8+ Kh7 1/2-1/2

[Event "Regency Masters 3rd"]
[Site "Ramsgate"]
[Date "1981.12.09"]
[Round "5.4"]
[White "Van der Sterren, Paul"]
[Black "King, Daniel J"]
[Result "0-1"]
[WhiteElo "2420"]
[BlackElo "2320"]
[PlyCount "152"]
[EventDate "1981.12.05"]
[EventType "swiss"]
[EventRounds "9"]
[EventCountry "ENG"]
[SourceVersionDate "2021.08.26"]

1. d4 Nf6 2. c4 g6 3. Nc3 d5 4. Nf3 Bg7 5. cxd5 Nxd5 6. e4 Nxc3 7. bxc3 c5 8.
Be3 Qa5 9. Bd2 Bg4 (9... O-O) 10. Be2 Bxf3 (10... O-O) 11. Bxf3 cxd4 12. cxd4
Qa6 13. Be2 Qd6 14. Be3 Nc6 15. d5 Nd4 16. Rb1 Nxe2 17. Qa4+ $5 (17. Qxe2 O-O
18. O-O $14) 17... Qd7 18. Qxd7+ Kxd7 19. Rxb7+ $5 (19. Kxe2 $14) 19... Kc8 20.
Rxe7 Nc3 21. Rxf7 Rb8 22. Kd2 Rb7 23. Rxb7 Kxb7 24. Kd3 $13 Re8 25. f3 Nxa2 $6
26. Rb1+ Kc7 27. Bxa7 Ra8 28. Bd4 $4 (28. Bc5 $16) (28. Bb8+ $5 Kc8 (28... Rxb8
$2 29. d6+ $1 Kc8 30. d7+) 29. Bd6) 28... Ra3+ 29. Kc4 Ra4+ 30. Kb3 Rxd4 31.
Kxa2 Rd2+ 32. Kb3 Rxg2 $19 33. f4 Rf2 34. f5 gxf5 35. exf5 Rxh2 36. Kc4 Rh4+
37. Kd3 Kd6 38. Ke3 Kxd5 39. Kf3 Ke5 40. Kg3 Ra4 41. Rb7 Kf6 42. Kf3 Ra5 43.
Kg4 Ra4+ 44. Kf3 h6 45. Rc7 h5 46. Rc5 Bf8 47. Rb5 Be7 48. Rb6+ Kxf5 49. Rb5+
Kg6 50. Rd5 Bg5 51. Rd6+ Kf5 52. Rd5+ Kf6 53. Rb5 Ra3+ 54. Kg2 Kg6 55. Rc5 Bf6
56. Rb5 Re3 57. Kf2 Re8 58. Kg2 Be5 59. Ra5 Kf5 60. Rb5 Kg4 61. Rb6 Bf4 62.
Rg6+ Bg5 63. Rg7 Re2+ 64. Kg1 Ra2 65. Rg8 Kh4 66. Kh1 Bf4 67. Rg2 Ra3 68. Rb2
Bg3 69. Rg2 Kg4 70. Rg1 Kf3 71. Rb1 Ra2 72. Rc1 Kg4 73. Rb1 Kh3 74. Kg1 h4 75.
Rc1 Rg2+ 76. Kf1 Rh2 0-1

[Event "Regency Masters 3rd"]
[Site "Ramsgate"]
[Date "1981.12.09"]
[Round "5.5"]
[White "Kenworthy, Gary"]
[Black "Kosten, Anthony C"]
[Result "0-1"]
[WhiteElo "2245"]
[BlackElo "2315"]
[PlyCount "79"]
[EventDate "1981.12.05"]
[EventType "swiss"]
[EventRounds "9"]
[EventCountry "ENG"]
[SourceVersionDate "2021.08.26"]

1. e4 e5 2. Nc3 Nf6 3. Nf3 Bb4 4. a3 Bxc3 5. dxc3 Nc6 6. Bd3 d5 7. Nd2 Bg4 8.
f3 Be6 9. O-O O-O 10. Qe1 Nh5 11. exd5 Bxd5 12. Ne4 f5 13. Ng3 Nxg3 14. Qxg3
Qd6 15. Bd2 Rf6 16. Rad1 Rg6 17. Qf2 Qf6 18. Be3 (18. c4 Be6 19. b4 $14) 18...
Be6 19. f4 e4 20. Be2 (20. Bxe4 $5 fxe4 21. f5 Bxf5 22. Qxf5 $14) 20... b6 21.
Bb5 Na5 22. Bd4 Qe7 23. Rfe1 Bc4 24. a4 a6 25. Bxc4+ Nxc4 26. b3 Na5 27. Be5 $6
Nc6 28. Rd5 Nxe5 29. Rxe5 Qd7 30. c4 Rd8 31. Rd5 Rd6 32. Red1 Qc6 33. Qd2 $2 (
33. R5d2 $15) 33... b5 $1 $17 34. axb5 axb5 35. Rxd6 Rxd6 36. Qe2 bxc4 37. Rb1
$2 (37. Rxd6 cxd6 $17) 37... c3 38. Ra1 $2 (38. Rd1 h6 $17) 38... Rd2 $19 39.
Qh5 e3 40. Qh3 (40. Qh3 e2 $19) 0-1

[Event "Regency Masters 3rd"]
[Site "Ramsgate"]
[Date "1981.12.09"]
[Round "5.6"]
[White "Plaskett, H James"]
[Black "Westerinen, Heikki MJ"]
[Result "1/2-1/2"]
[WhiteElo "2410"]
[BlackElo "2425"]
[PlyCount "81"]
[EventDate "1981.12.05"]
[EventType "swiss"]
[EventRounds "9"]
[EventCountry "ENG"]
[SourceTitle "BritBase"]
[Source "John Saunders"]
[SourceDate "2020.09.07"]
[SourceVersion "1"]
[SourceVersionDate "2020.09.07"]
[SourceQuality "2"]

1. e4 e5 2. Nf3 Nc6 3. Bb5 a6 4. Ba4 d6 5. O-O Bd7 6. Re1 Be7 7. Bxc6 Bxc6 8.
d4 Bf6 9. c4 Ne7 10. Nc3 Ng6 11. b3 (11. Nd5 h6 12. Be3 O-O 13. Rc1 Re8 14. Qd2
Bd7 15. h3 Be6 16. dxe5 Bxe5 {Franco Ocampos,Z (2360)-Ivkov,B (2525), Buenos
Aires Clarin 1979 (1-0, 60)}) 11... O-O 12. Bb2 Bd7 13. Nd5 Be6 14. dxe5 Bxe5
15. Nxe5 dxe5 16. Qf3 c6 17. Ne3 Qd2 $11 18. Re2 Qb4 19. Nf5 Rfd8 20. h4 f6 21.
Bc3 Qc5 22. g3 Bxf5 23. exf5 Ne7 $6 (23... Nh8 $5) 24. Rae1 Rd7 25. Bxe5 $1 Rf8
(25... fxe5 $2 26. Rxe5 Qd6 27. Re6 Qc7 28. Qe3 $18) 26. Qg4 (26. Bf4 $1 Nxf5
27. Qg4 $16) 26... Rf7 27. h5 h6 28. Bc3 Qxf5 29. Qxf5 Nxf5 30. Bb4 $2 (30. g4
$5 Nh4 (30... Ne7 $2 31. Bb4 $1 c5 $8 32. Bxc5 $16) (30... Nd6 $2 31. Rd2 $1
$18) 31. Re3 $16) 30... Nd4 $11 31. Re8+ Kh7 32. R1e7 Rfxe7 33. Rxe7 Rxe7 34.
Bxe7 Ne2+ 35. Kf1 Nc1 36. Ba3 Nxa2 37. Ke2 g6 38. hxg6+ Kxg6 39. Kd2 a5 40. Bc5
b5 41. Bb6 1/2-1/2

[Event "Regency Masters 3rd"]
[Site "Ramsgate"]
[Date "1981.12.09"]
[Round "5.8"]
[White "Nykopp, Jan Michael F"]
[Black "Hebden, Mark L"]
[Result "0-1"]
[WhiteElo "2260"]
[BlackElo "2315"]
[PlyCount "84"]
[EventDate "1981.12.05"]
[EventType "swiss"]
[EventRounds "9"]
[EventCountry "ENG"]
[SourceVersionDate "2021.08.26"]

1. d4 Nf6 2. c4 c5 3. d5 b5 4. cxb5 a6 5. Nc3 axb5 6. Nxb5 Ba6 7. Nc3 d6 8. g3
g6 9. Bg2 Bg7 10. Nh3 (10. Nf3) 10... Nbd7 11. O-O O-O 12. Re1 (12. Qc2) (12.
Bd2) 12... Qb6 13. e4 Ne5 14. Nf4 Nfd7 15. Rb1 Qa5 16. Bf1 Bxf1 17. Rxf1 Rfb8
18. Nfe2 Rb7 19. f4 Nc4 20. Qd3 Qb4 21. b3 (21. Qc2 $13) 21... Na3 22. Bxa3
Rxa3 23. Rbc1 Nb6 24. e5 dxe5 25. d6 e6 26. Qf3 Nd7 27. Qc6 Ra8 28. Na4 Qb5 29.
Qf3 Rc8 30. Nec3 Qc6 31. Ne4 exf4 32. gxf4 Rb4 33. Rfe1 Qd5 34. Kg2 Rd4 35.
Nac3 Qc6 36. Rcd1 h6 37. Nb1 Nb6 38. Na3 Nd5 $6 (38... Qa8 $5) 39. Nc4 f5 40.
Ned2 $2 (40. Rxd4 cxd4 41. Ned2 g5 $17) 40... Rxf4 $19 41. Na5 Qa8 42. Qe2 Nc3+
0-1